| 000 | 00647nam a2200241Ia 4500 | ||
|---|---|---|---|
| 003 | OSt | ||
| 005 | 20220918225852.0 | ||
| 006 | a|||||r|||| 00| 0 | ||
| 007 | ta | ||
| 008 | 220917b |||||||| |||| 00| 0 eng d | ||
| 024 | _a246,560 | ||
| 037 | _cTextual | ||
| 040 |
_aARTS _cARTS _beng |
||
| 041 |
_2eng _aeng |
||
| 082 | _aX:72x, K8;2 | ||
| 100 |
_aLindauer John Ed. _9151421 |
||
| 245 | 0 | _aMacroeconomic readings | |
| 260 |
_aNew York _bThe Free Press USA _c1968 |
||
| 300 |
_a411p. _ccm. |
||
| 650 |
_aMACROECONOMICS; ECONOMICS _9151422 |
||
| 942 |
_hX:72x, K8;2 _cTEXL _2CC |
||
| 999 |
_c286299 _d286299 |
||